000 01261nam a2200373 a 4500
001 000046153
003 DO-SdBNP
005 20240207121609.0
007 ta
008 150629s2011 dr 000 0 spa d
020 _a9789945466225
040 _aDO-SdBNP
_bspa
_cBPMSU
041 1 7 _aspa
_2eng
082 4 _aRD861.5
_bS684m 2011
_222
100 1 _aSolano, Vielka,
_d1960-
245 1 0 _aMujer de carne y verso = A woman of flesh and verse /
_cVielka Solano ; editor Tomás Castro Burdiez; traducción Joni Radcliff.
246 1 0 _aA woman of flesh and verse
250 _a2ª ed.
260 _aSanto Domingo :
_bEducarte,
_c2011.
300 _a111,111 p. ;
_c21 cm.
500 _aIncluye datos biográficos de la autora en la solapas de las cubiertas.
500 _aTexto en ingles y español
546 _aTexto en inglés y español.
563 _aDos obras encuadernadas juntas con paginación invertida
590 _aInventariado, 2024/VM
650 4 _aPoesía dominicana
650 4 _aDeseo
_vPoesías
650 4 _aMujeres
_vPoesías
650 4 _aLiteratura dominicana
700 1 _aRadcliff, Joni,
_etraducción
700 1 _aCastro Burdiez, Tomás,
_eedición
_d1959-
910 _aVMateo V. Control de calidad. BPMSU
942 _2ddc
_cBK
999 _c14558
_d14558